| 000 | 01118nam0a2200361 4500 | ||
|---|---|---|---|
| 001 | RU\NLR\bibl\384287 | ||
| 005 | 20250622154605.0 | ||
| 010 |
_a5-9231-0211-0 _91000 |
||
| 021 |
_aRU _b2003-4807 _9222 |
||
| 035 | _a(NLR Aleph) 000378674 | ||
| 090 |
_a441638 _c441638 |
||
| 100 | _a20030317d2002 |||y0rusy50 ca | ||
| 101 | 0 | _arus | |
| 102 | _aRU | ||
| 105 | _aa ||||||||| | ||
| 200 | 1 |
_aОсновы фармакокинетики _fИ. И. Мирошниченко |
|
| 210 |
_aМ. _cГЭОТАР-МЕД _d2002 |
||
| 215 |
_a185, [3] с. _cил. _d20 |
||
| 320 | _aБиблиогр.: с. 174-186 | ||
| 606 | 0 |
_aФармакокинетика _9946500 _3RU\NLR\auth\6632526 |
|
| 610 | 0 | _aФармакокинетика | |
| 675 |
_a615.015(075.8) _v3 _zrus |
||
| 686 |
_a76.29 _2rugasnti |
||
| 686 |
_a52.81я73 _2rubbk |
||
| 686 | _aР281.5 | ||
| 700 | 1 |
_aМирошниченко _bИ. И. _gИгорь Иванович _4070 |
|
| 801 | 0 |
_aRU _bRKP _c20030317 _gPSBO |
|
| 801 | 1 |
_aRU _bRKP _c20030317 |
|
| 801 | 2 |
_aRU _bNLR _c20030416 _grcr |
|
| 942 | _cBOOK | ||
| 980 | _aNB | ||